00920nam a2200289Ia 450000500170000000800410001702000180005810000270007624500440010325000180014730000250016549000220019053400330021265000430024565000470028865000410033565000350037670000270041194200150043826400280045333600270048133700330050833800280054104000350056908400110060499900150061520220317001331.0161108s9999 sp g 000 0 spa  a97884953110231 aTwain, Markd1835-191014aLas aventuras de Tom SawyercMark Twain a6a. edición a250 páginasc19 cm aEl barco de papel tThe adventures of Tom Sawyer142LEMBaNovela estadounidense ySiglo XX142LEMBaLiteratura estadounidense ySiglo XX142LEMBaAdolescencia en la literatura 142LEMB aHistorias de aventuras 1 aLobato, Román970872 2loccBKLIT aMadridbJorge A. Mestas atextobtxt2rdacontent asin mediaciónbn2rdamedia avolumenbnc2rdacarrier aCO-BoRNBPbspaerdacCO-BoRNBP aN TWA1 c6652d6652